00761 a2200193 4500020001500000040001300015082001300028100001700041245017600058250001200234260007000246300003400316650003500350650004700385650004500432650004500477700002500522700002000547 a0470844671 aDLCbDLC00a621.3845 aHolma, Harri00aWCDMA for UMTS: radio access for third generation mobile communicationsbradio access for third generation mobile communications cedited by Harri Holma and Antti Toskala. a2nd ed. aWest Sussex, England ;aHoboken, N.J. :bJ. Wiley & Sons,cc2002. axvi, 391 p. :bill. ;c26 cm. 0aCode division multiple access. 0aWireless communication systemsxStandards. 0aMobile communication systemsxStandards. 0aGlobal system for mobile communications.1 aHolma, Harri,d1970-1 aToskala, Antti.